History of kerala: (Record no. 156081)

MARC details
000 -LEADER
fixed length control field 00663nam a22002057a 4500
005 - DATE AND TIME OF LATEST TRANSACTION
control field 20180820122428.0
010 ## - LCCN (DPL NO)
LC control number ENG-123736
020 ## - INTERNATIONAL STANDARD BOOK NUMBER
International Standard Book Number 9789352873807
Terms of availability 315.00
035 ## - SYSTEM CONTROL NUMBER
System control number EN-107268
037 ## - SOURCE OF ACQUISITION
Source of stock number/acquisition DBAD/PUB.
082 ## - DEWEY DECIMAL CLASSIFICATION NUMBER
Classification number 954.33
100 ## - MAIN ENTRY--PERSONAL NAME
Personal name Rajan Gurukkal
245 ## - TITLE STATEMENT
Title History of kerala:
Statement of responsibility, etc by Rajan Gurukkal [and] Raghava Varier
Remainder of title Prehistoric to the present /
260 ## - PUBLICATION, DISTRIBUTION, ETC. (IMPRINT)
Place of publication, distribution, etc Hyderabad
Name of publisher, distributor, etc Orient Blackswan
Date of publication, distribution, etc 2018
270 ## - ADDRESS
Address 3-6-752 Himayatnagar,
City Hyderabad
Postal code 500029
300 v# - PHYSICAL DESCRIPTION
Extent xvi,366p.)
Dimensions 21cm(pbk)
500 ## - GENERAL NOTE
General note It includes bibliography, appendices and index
700 ## - ADDED ENTRY--PERSONAL NAME
Personal name Varier, Raghava
942 ## - ADDED ENTRY ELEMENTS (KOHA)
Source of classification or shelving scheme Dewey Decimal Classification
Item type English Books
Call number suffix RAJ
Classification part 954.33
Holdings
Withdrawn status Lost status Not for loan Collection code Home library Current library Date acquired Source of acquisition Cost, normal purchase price Full call number Barcode Copy number Cost, replacement price Koha item type
    Not For Loan Non-fiction D.B.Act.Division Bawana 20/08/2018 DBAD/PUB 315.00 954.33 RAJ EN-107268 1 315.00 English Books

© Delhi Public Library
Hit Counter
free hit counter